[Event "Hessen-ch Gr-D 62nd"]
[Site "Hanau"]
[Date "2008.03.23"]
[Round "5"]
[White "Graefe, Heiko"]
[Black "Abel, Fabian"]
[Result "1-0"]
[WhiteElo "1936"]
[BlackElo "1633"]
[PlyCount "61"]
[EventDate "2008.03.21"]
[EventType "swiss"]
[EventRounds "5"]
[EventCountry "GER"]
[SourceTitle "CBM 123 Extra"]
[Source "ChessBase"]
[SourceDate "2008.05.06"]
[SourceVersion "1"]
[SourceVersionDate "2008.05.06"]
[SourceQuality "1"]

1. d4 Nf6 2. Bg5 d5 3. c4 e6 4. Nc3 Nc6 5. cxd5 exd5 6. e3 Be7 7. Bd3 0-0 8. a3 h6 9. Bxf6 Bxf6 10. Nge2 Ne7 11. Qc2 Bg4 12. 0-0 Rc8 13. b4 Bh5 14. Nf4 Bg6 15. Bxg6 fxg6 16. Ne6 Qd7 17. Nxf8 Rxf8 18. Qe2 Nf5 19. Rac1 Re8 20. Qd3 Nh4 21. Ne2 c6 22. Ng3 Bd8 23. Rc2 Bc7 24. Rfc1 Bxg3 25. hxg3 Nf5 26. b5 Re6 27. bxc6 bxc6 28. Qa6 Nxg3 29. fxg3 Rxe3 30. Qxc6 Qe7 31. Qxg6 1-0

[Event "Hessen-ch Gr-D 62nd"]
[Site "Hanau"]
[Date "2008.03.22"]
[Round "3"]
[White "Staggat, Rolf"]
[Black "Abel, Fabian"]
[Result "0-1"]
[WhiteElo "1661"]
[BlackElo "1633"]
[PlyCount "80"]
[EventDate "2008.03.21"]
[EventType "swiss"]
[EventRounds "5"]
[EventCountry "GER"]
[SourceTitle "CBM 123 Extra"]
[Source "ChessBase"]
[SourceDate "2008.05.06"]
[SourceVersion "1"]
[SourceVersionDate "2008.05.06"]
[SourceQuality "1"]

1. e4 c5 2. Nf3 d6 3. d4 cxd4 4. Nxd4 g6 5. Nc3 Bg7 6. Be3 Nf6 7. Qd2 Nc6 8. 0-0-0 Ng4 9. Nxc6 bxc6 10. Bc4 Nxe3 11. Qxe3 0-0 12. h4 h5 13. Ne2 Qb6 14. Qxb6 axb6 15. Nd4 b5 16. Bb3 Bb7 17. c3 c5 18. Nxb5 Bxe4 19. Rde1 Bh6+ 20. Kd1 Bxg2 21. Rhg1 Bf3+ 22. Kc2 Rab8 23. Nc7 Rbc8 24. Rxe7 Rxc7 25. Rxc7 Be4+ 26. Kd1 Bf3+ 27. Ke1 Re8+ 28. Kf1 c4 29. Ba4 Be2+ 30. Kg2 Re4 31. f3 Rxh4 32. Kf2 Bd3 33. Bc6 Rh2+ 34. Kg3 Rxb2 35. Bd5 Be3 36. Bxf7+ Kf8 37. Rh1 Bf2+ 38. Kf4 Rb5 39. Bxg6 Bxg6 40. Rc8+ Ke7 0-1